Statistiken für Pokémon Deutsch Quiz

Klicken Sie hier um das Quiz zu spielen!

Allgemein

  • Dieses Quiz wurde 105.361 mal gespielt
  • Das Durchschnittsergebnis liegt bei 83 aus 151

Antwortstatistiken

#Pokémon% Korrekt
001Bisasam
96%
004Glumanda
95%
006Glurak
95%
003Bisaflor
94%
002Bisaknosp
92%
005Glutexo
91%
007Schiggy
90%
025Pikachu
90%
009Turtok
89%
016Taubsi
86%
151Mew
86%
008Schillok
84%
018Tauboss
83%
017Tauboga
83%
026Raichu
83%
010Raupy
81%
012Smettbo
77%
013Hornliu
77%
015Bibor
76%
144Arktos
76%
146Lavados
76%
011Safcon
75%
074Kleinstein
73%
145Zapdos
73%
014Kokuna
73%
150Mewtu
73%
133Evoli
72%
149Dragoran
69%
021Habitak
67%
095Onix
67%
136Flamara
67%
134Aquana
67%
147Dratini
67%
063Abra
67%
094Gengar
66%
065Simsala
66%
019Rattfratz
66%
020Rattikarl
66%
064Kadabra
66%
135Blitza
66%
130Garados
66%
129Karpador
65%
092Nebulak
65%
022Ibitak
65%
148Dragonir
65%
029Nidoran ♀
64%
075Georok
64%
032Nidoran ♂
64%
034Nidoking
63%
076Geowaz
62%
031Nidoqueen
62%
024Arbok
62%
023Rettan
61%
030Nidorina
60%
143Relaxo
60%
052Mauzi
60%
033Nidorino
59%
093Alpollo
58%
059Arkani
58%
041Zubat
56%
058Fukano
56%
120Sterndu
55%
069Knofensa
55%
066Machollo
54%
068Machomei
54%
044Duflor
54%
042Golbat
54%
043Myrapla
53%
050Digda
53%
109Smogon
53%
039Pummeluff
53%
045Giflor
53%
110Smogmog
52%
121Starmie
52%
051Digdri
52%
131Lapras
52%
037Vulpix
52%
125Elektek
51%
077Ponita
50%
036Pixi
50%
126Magmar
49%
118Goldini
49%
100Voltoball
49%
053Snobilikat
49%
128Tauros
48%
123Sichlor
48%
038Vulnona
48%
071Sarzenia
48%
067Maschock
48%
070Ultrigaria
48%
035Piepi
47%
027Sandan
47%
082Magneton
47%
081Magnetilo
47%
054Enton
47%
106Kicklee
46%
028Sandamer
46%
040Knuddeluff
46%
101Lektroball
46%
119Golking
45%
078Gallopa
45%
111Rihorn
43%
088Sleima
43%
107Nockchan
43%
140Kabuto
43%
089Sleimok
42%
132Ditto
42%
142Aerodactyl
42%
124Rossana
42%
049Omot
42%
060Quapsel
42%
055Entoron
42%
073Tentoxa
41%
096Traumato
41%
097Hypno
41%
115Kangama
41%
102Owei
41%
072Tentacha
41%
103Kokowei
41%
086Jurob
41%
087Jugong
41%
048Bluzuk
41%
122Pantimos
41%
062Quappo
41%
056Menki
40%
141Kabutops
40%
061Quaputzi
39%
113Chaneira
39%
138Amonitas
38%
127Pinsir
38%
085Dodri
38%
057Rasaff
38%
112Rizeros
38%
084Dodu
37%
046Paras
37%
090Muschas
37%
083Porenta
37%
105Knogga
36%
139Amoroso
36%
079Flegmon
35%
047Parasek
35%
116Seeper
35%
104Tragosso
35%
091Austos
35%
114Tangela
34%
137Porygon
33%
080Lahmus
33%
117Seemon
32%
098Krabby
31%
099Kingler
30%
108Schlurp
29%

Verteilung der Resultate

Perzentil nach korrekt beantworteten Fragen

Anzahl Personen mit jedem Resultat

Ihre Resultats-Entwicklung

Sie haben dieses Quiz noch nicht gespielt